[Event "GER-chT U20"]
[Site "Chemnitz"]
[Date "2009.12.29"]
[Round "5.5"]
[White "Spisla, Dominik"]
[Black "Kirch, Daniel"]
[Result "1-0"]
[WhiteElo "1807"]
[BlackElo "2050"]
[PlyCount "125"]
[EventDate "2009.12.27"]
[EventType "team-swiss"]
[EventRounds "7"]
[EventCountry "GER"]
[SourceTitle "EXT 2022"]
[Source "ChessBase"]
[SourceDate "2021.10.06"]
[SourceVersion "1"]
[SourceVersionDate "2021.10.06"]
[SourceQuality "1"]
[WhiteTeam "Brackweda U20"]
[BlackTeam "Grossenseebach U20"]
[WhiteTeamCountry "GER"]
[BlackTeamCountry "GER"]

1. d4 Nf6 2. Nc3 d5 3. Bg5 Nbd7 4. f3 h6 5. Bh4 c5 6. e4 dxe4 7. fxe4 cxd4 8. Qxd4 e5 9. Qa4 Be7 10. Bxf6 Bxf6 11. 0-0-0 a6 12. Nf3 Rb8 13. Nd5 0-0 14. Qb4 b5 15. Qd6 Re8 16. g3 Re6 17. Qa3 Bg5+ 18. Nxg5 Qxg5+ 19. Qe3 Qxe3+ 20. Nxe3 Nf6 21. Rd8+ Re8 22. Rxe8+ Nxe8 23. Nd5 Bg4 24. Bd3 Rd8 25. Re1 Rd6 26. Kd2 Nf6 27. Nxf6+ Rxf6 28. Rf1 Rd6 29. Ke3 Kf8 30. Be2 Be6 31. a3 Ke7 32. Rd1 Rc6 33. Rd2 Rc5 34. a4 Bd7 35. axb5 axb5 36. c3 Be6 37. Rc2 Bc4 38. b4 Rc7 39. Bxc4 Rxc4 40. Kd3 Ke6 41. Ra2 Rc6 42. Ra5 Rb6 43. Ra7 g6 44. g4 h5 45. g5 Rc6 46. Rb7 Rd6+ 47. Kc2 Ra6 48. Kb3 Ra1 49. Rxb5 Rh1 50. c4 Rxh2 51. c5 Kd7 52. Rb7+ Ke6 53. b5 h4 54. c6 h3 55. Rxf7 Kxf7 56. c7 Rc2 57. Kxc2 h2 58. c8Q h1Q 59. Qd7+ Kg8 60. Qe8+ Kh7 61. Qf7+ Kh8 62. Qf8+ Kh7 63. Qh6+ 1-0

[Event "GER-chT U20"]
[Site "Chemnitz"]
[Date "2009.12.28"]
[Round "4.5"]
[White "Kirch, Daniel"]
[Black "Gruenke, Paul"]
[Result "1/2-1/2"]
[WhiteElo "2050"]
[BlackElo "2107"]
[PlyCount "83"]
[EventDate "2009.12.27"]
[EventType "team-swiss"]
[EventRounds "7"]
[EventCountry "GER"]
[SourceTitle "EXT 2022"]
[Source "ChessBase"]
[SourceDate "2021.10.06"]
[SourceVersion "1"]
[SourceVersionDate "2021.10.06"]
[SourceQuality "1"]
[WhiteTeam "Grossenseebach U20"]
[BlackTeam "Dillingen U20"]
[WhiteTeamCountry "GER"]
[BlackTeamCountry "GER"]

1. d4 Nf6 2. c4 g6 3. Nc3 Bg7 4. e4 0-0 5. Nf3 d6 6. Be2 e5 7. Be3 Ng4 8. Bg5 f6 9. Bc1 Nc6 10. d5 Ne7 11. h3 Nh6 12. h4 f5 13. Ng5 fxe4 14. g4 Nf7 15. Ncxe4 h6 16. Nh3 c6 17. Be3 cxd5 18. cxd5 Qa5+ 19. Nc3 Bd7 20. Qb3 Rab8 21. 0-0-0 Rfc8 22. Kb1 b5 23. Ne4 b4 24. Bc4 Bxg4 25. Qd3 Bxd1 26. Rxd1 Nf5 27. h5 Nxe3 28. fxe3 g5 29. Nhf2 Qc7 30. b3 Qd7 31. Ng3 Rf8 32. Nfe4 Nd8 33. Qe2 Nb7 34. Bb5 Qe7 35. Qg4 Rf7 36. Nf5 Qc7 37. Rc1 Qb6 38. Bd7 Rxd7 39. Nxh6+ Bxh6 40. Nf6+ Kg7 41. Qxd7+ Kf8 42. Nh7+ 1/2-1/2

[Event "GER-chT U20"]
[Site "Chemnitz"]
[Date "2009.12.27"]
[Round "1.5"]
[White "Rickmann, David"]
[Black "Kirch, Daniel"]
[Result "0-1"]
[WhiteElo "1895"]
[BlackElo "2050"]
[PlyCount "54"]
[EventDate "2009.12.27"]
[EventType "team-swiss"]
[EventRounds "7"]
[EventCountry "GER"]
[SourceTitle "EXT 2022"]
[Source "ChessBase"]
[SourceDate "2021.10.06"]
[SourceVersion "1"]
[SourceVersionDate "2021.10.06"]
[SourceQuality "1"]
[WhiteTeam "Magdeburg Aufbau Elbe U20"]
[BlackTeam "Grossenseebach U20"]
[WhiteTeamCountry "GER"]
[BlackTeamCountry "GER"]

1. e4 e5 2. Nf3 Nc6 3. d4 exd4 4. Nxd4 Nf6 5. Nxc6 bxc6 6. Bd3 d5 7. Qe2 Bg4 8. Qe3 d4 9. Qd2 Bc5 10. 0-0 0-0 11. c3 Re8 12. Kh1 Bh5 13. f3 Nd7 14. Be2 Ne5 15. Rd1 d3 16. Bxd3 Nxf3 17. Qe2 Ne5 18. Qxh5 Nxd3 19. Rxd3 Qxd3 20. Qxc5 Rxe4 21. Bd2 Rae8 22. h3 h6 23. Qxc6 Re1+ 24. Bxe1 Rxe1+ 25. Kh2 Qe3 26. Qd5 Qf4+ 27. g3 Re2+ 0-1

[Event "Mittelfranken-chTB1 0910"]
[Site "Mittelfranken"]
[Date "2009.11.22"]
[Round "3.3"]
[White "Kirch, Daniel"]
[Black "Haubold, Martin"]
[Result "1-0"]
[WhiteElo "1975"]
[BlackElo "1979"]
[PlyCount "89"]
[EventDate "2009.10.11"]
[EventType "team-tourn"]
[EventRounds "9"]
[EventCountry "GER"]
[SourceTitle "EXT 2011"]
[Source "ChessBase"]
[SourceDate "2010.11.26"]
[SourceVersion "1"]
[SourceVersionDate "2010.11.26"]
[SourceQuality "1"]
[WhiteTeam "Grossenseebach"]
[BlackTeam "Nuernberg NT III"]
[WhiteTeamCountry "GER"]
[BlackTeamCountry "GER"]

1. d4 Nf6 2. c4 e5 3. dxe5 Ng4 4. Bf4 Nc6 5. Nf3 Bb4+ 6. Nbd2 Qe7 7. e3 Ngxe5 8. Nxe5 Nxe5 9. Be2 0-0 10. 0-0 Ng6 11. Bg3 Bd6 12. Bxd6 Qxd6 13. Rc1 Qe7 14. c5 d6 15. cxd6 Qxd6 16. Qc2 c6 17. Rfd1 Qe7 18. Nb3 Be6 19. Nc5 Bd5 20. e4 Nf4 21. Bg4 f5 22. exd5 fxg4 23. Re1 Qf6 24. Ne6 cxd5 25. Nxf8 Rxf8 26. Rcd1 h5 27. Qc3 Qf5 28. Re7 Qg5 29. Qe5 Qg6 30. Rf1 h4 31. g3 Nh3+ 32. Kg2 hxg3 33. hxg3 Kh8 34. Qxd5 Rf5 35. Qd8+ Kh7 36. Qd7 Rf6 37. Qxb7 Kh6 38. Qe4 Qh5 39. Re8 Qf7 40. Rh8+ Kg5 41. f4+ gxf3+ 42. Kxh3 Qd7+ 43. g4 g6 44. Qe5+ Rf5 45. gxf5 1-0

[Event "Nuremberg Zabo op 11th"]
[Site "Nuremberg"]
[Date "2009.09.20"]
[Round "5"]
[White "Kirch, Daniel"]
[Black "Landleiter, Franz"]
[Result "1-0"]
[WhiteElo "1985"]
[BlackElo "1697"]
[PlyCount "47"]
[EventDate "2009.09.18"]
[EventType "swiss"]
[EventRounds "5"]
[EventCountry "GER"]
[SourceTitle "EXT 2012"]
[Source "ChessBase"]
[SourceDate "2011.11.24"]
[SourceVersion "1"]
[SourceVersionDate "2011.11.24"]
[SourceQuality "1"]

1. d4 Nf6 2. c4 e6 3. Nc3 d5 4. cxd5 exd5 5. Bg5 c6 6. e3 Be7 7. Bd3 Nbd7 8. Qc2 h6 9. Bf4 b6 10. Nge2 Bb7 11. f3 c5 12. Nb5 0-0 13. 0-0 c4 14. Bf5 a6 15. Nbc3 Re8 16. e4 dxe4 17. fxe4 b5 18. e5 Nd5 19. e6 fxe6 20. Bxe6+ Kh8 21. Bxd5 Bxd5 22. Nxd5 Rc8 23. Nxe7 Qxe7 24. Ng3 1-0

[Event "Nuremberg Zabo op 11th"]
[Site "Nuremberg"]
[Date "2009.09.20"]
[Round "4"]
[White "Werner, Thomas1111"]
[Black "Kirch, Daniel"]
[Result "1-0"]
[WhiteElo "1844"]
[BlackElo "1985"]
[PlyCount "97"]
[EventDate "2009.09.18"]
[EventType "swiss"]
[EventRounds "5"]
[EventCountry "GER"]
[SourceTitle "EXT 2012"]
[Source "ChessBase"]
[SourceDate "2011.11.24"]
[SourceVersion "1"]
[SourceVersionDate "2011.11.24"]
[SourceQuality "1"]

1. d4 Nf6 2. c4 e6 3. Nf3 b6 4. g3 Ba6 5. b3 b5 6. Bg2 bxc4 7. Ne5 Bb4+ 8. Bd2 cxb3 9. axb3 Bxd2+ 10. Qxd2 c6 11. Na3 0-0 12. 0-0 d5 13. Rfc1 Qb6 14. Nc2 Rc8 15. Nb4 Bb5 16. e3 Nbd7 17. Nexc6 Bxc6 18. Ra6 Qb7 19. Raxc6 Rxc6 20. Nxc6 Qxb3 21. Qa5 Qb2 22. Ra1 Ng4 23. Rf1 Qb7 24. Ne7+ Kh8 25. Nxd5 exd5 26. Bxd5 Qc8 27. Bxa8 Qxa8 28. Ra1 g6 29. Qxa7 Qf3 30. Qa8+ Qxa8 31. Rxa8+ Kg7 32. Ra7 Nf8 33. h3 Nf6 34. f3 N6d7 35. Kf2 Kf6 36. e4 Ke7 37. f4 Ne6 38. Ke3 Kd6 39. Kd3 Nd8 40. e5+ Ke7 41. d5 h5 42. Kd4 Ke8 43. Rc7 Nf8 44. Ra7 Nfe6+ 45. Kc4 Ng7 46. g4 Kf8 47. Kc5 hxg4 48. hxg4 Ne8 49. Rd7 1-0

[Event "Regionalliga NO 0809"]
[Site "Bayern"]
[Date "2009.03.15"]
[Round "8.5"]
[White "Kirch, Daniel"]
[Black "Meulner, Klaus"]
[Result "1/2-1/2"]
[WhiteElo "1977"]
[BlackElo "2069"]
[PlyCount "20"]
[EventDate "2008.10.05"]
[EventType "team-tourn"]
[EventRounds "9"]
[EventCountry "GER"]
[SourceTitle "EXT 2020"]
[Source "ChessBase"]
[SourceDate "2019.10.17"]
[SourceVersion "1"]
[SourceVersionDate "2019.10.17"]
[SourceQuality "1"]
[WhiteTeam "Grossenseebach"]
[BlackTeam "Nuernberg Sued SW"]
[WhiteTeamCountry "GER"]
[BlackTeamCountry "GER"]

1. d4 d6 2. c4 e5 3. dxe5 dxe5 4. Qxd8+ Kxd8 5. Nf3 f6 6. Nc3 Be6 7. e3 c6 8. Bd2 Nd7 9. 0-0-0 Nh6 10. h3 Kc7 1/2-1/2

[Event "GER-chT U20"]
[Site "Arendsee"]
[Date "2008.12.30"]
[Round "7.4"]
[White "Richter, Dustin"]
[Black "Kirch, Daniel"]
[Result "1/2-1/2"]
[WhiteElo "1927"]
[BlackElo "2081"]
[PlyCount "80"]
[EventDate "2008.12.27"]
[EventType "team-swiss"]
[EventRounds "7"]
[EventCountry "GER"]
[SourceTitle "CBM 128 Extra"]
[Source "ChessBase"]
[SourceDate "2009.03.05"]
[SourceVersion "2"]
[SourceVersionDate "2009.03.25"]
[SourceQuality "1"]
[WhiteTeam "Sangerhausen"]
[BlackTeam "Grossenseebach"]
[WhiteTeamCountry "GER"]
[BlackTeamCountry "GER"]

1. e4 e5 2. Nf3 Nc6 3. Bb5 a6 4. Ba4 Nf6 5. 0-0 Be7 6. Re1 b5 7. Bb3 d6 8. c3 0-0 9. h3 Na5 10. Bc2 c5 11. d4 Qc7 12. Nbd2 Nc6 13. d5 Nd8 14. a4 Rb8 15. axb5 axb5 16. Nf1 Ne8 17. g4 f6 18. Ng3 g6 19. Bh6 Ng7 20. Qd2 Nf7 21. Be3 Bd7 22. Kh2 Qb7 23. b3 Ra8 24. Reb1 Ra6 25. Qc1 Rfa8 26. Rxa6 Qxa6 27. Qb2 Ne8 28. Ne1 Nc7 29. f4 exf4 30. Bxf4 Ne5 31. Qc1 Qa5 32. Qe3 b4 33. c4 Ne8 34. Kh1 Qd8 35. Rd1 Ra2 36. Bb1 Ra3 37. Bxe5 fxe5 38. Nc2 Bg5 39. Qf3 Ra7 40. Rf1 Qe7 1/2-1/2

[Event "GER-chT U20"]
[Site "Arendsee"]
[Date "2008.12.27"]
[Round "2.4"]
[White "Kirch, Daniel"]
[Black "Nieber, Alexander"]
[Result "1/2-1/2"]
[WhiteElo "2081"]
[BlackElo "1796"]
[PlyCount "61"]
[EventDate "2008.12.27"]
[EventType "team-swiss"]
[EventRounds "7"]
[EventCountry "GER"]
[SourceTitle "CBM 128 Extra"]
[Source "ChessBase"]
[SourceDate "2009.03.05"]
[SourceVersion "2"]
[SourceVersionDate "2009.03.25"]
[SourceQuality "1"]
[WhiteTeam "Grossenseebach"]
[BlackTeam "Magdeburg Aufbau Elbe"]
[WhiteTeamCountry "GER"]
[BlackTeamCountry "GER"]

1. d4 Nf6 2. c4 g6 3. Nc3 d5 4. cxd5 Nxd5 5. Na4 e5 6. dxe5 Bb4+ 7. Bd2 Ne3 8. fxe3 Qh4+ 9. g3 Bxd2+ 10. Qxd2 Qxa4 11. Nf3 0-0 12. Bg2 Nc6 13. 0-0 Bf5 14. Nd4 Rad8 15. Bxc6 Qxc6 16. Qa5 Qe4 17. Nxf5 gxf5 18. Rf3 Qc2 19. Raf1 Qxb2 20. Qxc7 Qxe2 21. Qxb7 Rd2 22. R1f2 Qe1+ 23. Kg2 Rxf2+ 24. Rxf2 Qxe3 25. Rxf5 Qe2+ 26. Rf2 Qxe5 27. Qxa7 Qd5+ 28. Kg1 Ra8 29. Qe3 Rxa2 30. Rxa2 Qxa2 31. Qg5+ 1/2-1/2

[Event "Regionalliga NO 0809"]
[Site "Bayern"]
[Date "2008.10.05"]
[Round "1.6"]
[White "Boese, Klaus"]
[Black "Kirch, Daniel"]
[Result "1-0"]
[WhiteElo "1953"]
[BlackElo "2081"]
[PlyCount "53"]
[EventDate "2008.10.05"]
[EventType "team-tourn"]
[EventRounds "9"]
[EventCountry "GER"]
[SourceTitle "EXT 2020"]
[Source "ChessBase"]
[SourceDate "2019.10.17"]
[SourceVersion "1"]
[SourceVersionDate "2019.10.17"]
[SourceQuality "1"]
[WhiteTeam "Bechhofen"]
[BlackTeam "Grossenseebach"]
[WhiteTeamCountry "GER"]
[BlackTeamCountry "GER"]

1. Nf3 Nf6 2. d4 e6 3. g3 d5 4. Bg2 Bd6 5. 0-0 0-0 6. Nbd2 b6 7. c4 Bb7 8. cxd5 exd5 9. Re1 Re8 10. e3 Nc6 11. a3 a5 12. Nb1 Ne4 13. Nc3 Nxc3 14. bxc3 b5 15. Qb3 Na7 16. a4 c6 17. Ba3 bxa4 18. Qxa4 Nb5 19. Bxd6 Nxd6 20. Nd2 Qg5 21. c4 Qf5 22. Reb1 Reb8 23. cxd5 cxd5 24. Rb6 Nc8 25. Rb2 Qe6 26. Bh3 Qxh3 27. Qe8# 1-0

[Event "Bayern-chA 79th"]
[Site "Bad Neustadt/Saale"]
[Date "2008.09.05"]
[Round "8"]
[White "Roeder, Gerd"]
[Black "Kirch, Daniel"]
[Result "0-1"]
[WhiteElo "2209"]
[BlackElo "2081"]
[PlyCount "66"]
[EventDate "2008.08.30"]
[EventType "swiss"]
[EventRounds "9"]
[EventCountry "GER"]
[SourceTitle "EXT 2015"]
[Source "ChessBase"]
[SourceDate "2014.11.20"]
[SourceVersion "1"]
[SourceVersionDate "2014.11.20"]
[SourceQuality "1"]

1. e4 e5 2. Nc3 Nc6 3. Bc4 Nf6 4. d3 Na5 5. Nge2 Bc5 6. 0-0 c6 7. a3 Nxc4 8. dxc4 a5 9. Qd3 0-0 10. b3 Qe7 11. a4 d6 12. Bb2 Nh5 13. Kh1 f5 14. f3 f4 15. Ba3 Bxa3 16. Rxa3 d5 17. Raa1 d4 18. Nd1 Qh4 19. Kg1 Rf6 20. Qd2 Rg6 21. Nc1 Ng3 22. Re1 Rh6 23. h3 Bxh3 24. gxh3 Rg6 25. Qh2 Ne2+ 26. Kf1 Rg1+ 27. Qxg1 Nxg1 28. Nf2 Nxf3 29. Rd1 Qg5 30. Ncd3 Nh2+ 31. Ke1 f3 32. Rdb1 Qe3+ 33. Kd1 Nf1 0-1

[Event "Bayern-chA 79th"]
[Site "Bad Neustadt/Saale"]
[Date "2008.09.04"]
[Round "7"]
[White "Urytskyy, Michael"]
[Black "Kirch, Daniel"]
[Result "0-1"]
[WhiteElo "1988"]
[BlackElo "2081"]
[PlyCount "100"]
[EventDate "2008.08.30"]
[EventType "swiss"]
[EventRounds "9"]
[EventCountry "GER"]
[SourceTitle "EXT 2015"]
[Source "ChessBase"]
[SourceDate "2014.11.20"]
[SourceVersion "1"]
[SourceVersionDate "2014.11.20"]
[SourceQuality "1"]

1. e4 e5 2. d4 exd4 3. c3 d5 4. exd5 Qxd5 5. cxd4 Nc6 6. Nf3 Bg4 7. Be2 Bb4+ 8. Nc3 Bxf3 9. Bxf3 Qc4 10. Be2 Bxc3+ 11. bxc3 Qxc3+ 12. Bd2 Qxd4 13. Be3 Qxd1+ 14. Rxd1 Nge7 15. 0-0 0-0 16. Rd7 Rac8 17. Rb1 Rfd8 18. Rxd8+ Nxd8 19. Bc5 Ng6 20. Bg4 Rb8 21. Rd1 b6 22. Be3 Ne5 23. Bh3 Ndc6 24. Rc1 Re8 25. g3 Re7 26. f4 Nf3+ 27. Kf2 Nfd4 28. Bg2 Nf5 29. Bc5 bxc5 30. Bxc6 Nd4 31. Bf3 Nxf3 32. Kxf3 Kf8 33. Rxc5 Ke8 34. Rc6 Kd8 35. f5 Re5 36. g4 Ra5 37. Rc2 f6 38. Rd2+ Ke7 39. h4 Re5 40. Kf4 c6 41. g5 Rd5 42. Rb2 c5 43. Rb7+ Rd7 44. gxf6+ gxf6 45. Rb8 Rd4+ 46. Kg3 c4 47. Rh8 Kd6 48. Kf3 Rxh4 49. Re8 c3 50. Ke3 Rc4 0-1

[Event "Mittelfranken-ch HT 57th"]
[Site "Bechhofen"]
[Date "2008.03.21"]
[Round "8.12"]
[White "Kirch, Daniel"]
[Black "Vogiatzis, Dimitrios"]
[Result "1/2-1/2"]
[WhiteElo "1985"]
[BlackElo "1960"]
[PlyCount "81"]
[EventDate "2008.03.18"]
[EventType "swiss"]
[EventRounds "9"]
[EventCountry "GER"]
[SourceTitle "EXT 2011"]
[Source "ChessBase"]
[SourceDate "2010.11.26"]
[SourceVersion "1"]
[SourceVersionDate "2010.11.26"]
[SourceQuality "1"]

1. d4 f5 2. g3 Nf6 3. Bg2 e6 4. c4 c6 5. Nd2 d5 6. Nh3 Bd6 7. Nf3 0-0 8. 0-0 Ne4 9. Bf4 Be7 10. Qc1 Nd7 11. Be3 Bd6 12. Nf4 Qe7 13. Nd3 h6 14. Bf4 Kh7 15. Bxd6 Nxd6 16. b3 Nf7 17. Nf4 Nf6 18. e3 Bd7 19. Ne1 Rac8 20. Ned3 b6 21. Qb2 Rc7 22. c5 Bc8 23. Rfc1 g5 24. Ne2 Ne4 25. b4 Ba6 26. Qc2 Bc4 27. f3 Nf6 28. Nf2 Kg7 29. Nc3 bxc5 30. bxc5 Rb7 31. Rab1 Rfb8 32. Rxb7 Rxb7 33. Rb1 Qc7 34. Rxb7 Qxb7 35. Nb1 Qb4 36. Nd2 Bb5 37. Nd1 f4 38. Kf2 e5 39. Qc3 fxe3+ 40. Kxe3 exd4+ 41. Qxd4 1/2-1/2

[Event "Mittelfranken-ch HT 57th"]
[Site "Bechhofen"]
[Date "2008.03.20"]
[Round "7.8"]
[White "Fischer, Gerd"]
[Black "Kirch, Daniel"]
[Result "1-0"]
[WhiteElo "2030"]
[BlackElo "1985"]
[PlyCount "25"]
[EventDate "2008.03.18"]
[EventType "swiss"]
[EventRounds "9"]
[EventCountry "GER"]
[SourceTitle "EXT 2011"]
[Source "ChessBase"]
[SourceDate "2010.11.26"]
[SourceVersion "1"]
[SourceVersionDate "2010.11.26"]
[SourceQuality "1"]

1. e4 e5 2. Nf3 Nc6 3. d4 exd4 4. Nxd4 Nf6 5. Nxc6 bxc6 6. Bd3 d5 7. e5 Ne4 8. Bxe4 dxe4 9. Qxd8+ Kxd8 10. Be3 Ba6 11. Nc3 Rb8 12. Bxa7 Rxb2 13. 0-0-0+ 1-0

[Event "GER-chT U20"]
[Site "Kelheim"]
[Date "2007.12.27"]
[Round "1.2"]
[White "Pfleger, Jochen"]
[Black "Kirch, Daniel"]
[Result "0-1"]
[WhiteElo "1660"]
[BlackElo "2004"]
[PlyCount "58"]
[EventDate "2007.12.27"]
[EventType "team-swiss"]
[EventRounds "7"]
[EventCountry "GER"]
[SourceTitle "EXT 2022"]
[Source "ChessBase"]
[SourceDate "2021.10.06"]
[SourceVersion "1"]
[SourceVersionDate "2021.10.06"]
[SourceQuality "1"]
[WhiteTeam "Bad Mergentheim U20"]
[BlackTeam "Grossenseebach U20"]
[WhiteTeamCountry "GER"]
[BlackTeamCountry "GER"]

1. c4 e5 2. Nc3 Nc6 3. Nf3 d6 4. d4 exd4 5. Nxd4 Ne5 6. e4 Nf6 7. Be2 g6 8. f3 Bg7 9. Be3 0-0 10. 0-0 Re8 11. a4 a5 12. Ndb5 Bf8 13. Nd5 Nxd5 14. cxd5 c5 15. dxc6 bxc6 16. f4 cxb5 17. fxe5 Rxe5 18. Bxb5 Bg7 19. Bc6 Rb8 20. Bf4 Qb6+ 21. Kh1 Qxc6 22. Bxe5 Bxe5 23. Qf3 Be6 24. Rac1 Qd7 25. Rc2 Rxb2 26. Rxb2 Bxb2 27. e5 Bxe5 28. Qa8+ Kg7 29. Qxa5 Bb3 0-1

[Event "Regionalliga NO 0607"]
[Site "Bayern"]
[Date "2007.03.18"]
[Round "7.7"]
[White "Kirch, Daniel"]
[Black "Wiesgickl, Gerhard"]
[Result "1-0"]
[WhiteElo "1959"]
[BlackElo "1896"]
[PlyCount "81"]
[EventDate "2006.10.15"]
[EventType "team-tourn"]
[EventRounds "9"]
[EventCountry "GER"]
[SourceTitle "EXT 2008"]
[Source "ChessBase"]
[SourceDate "2007.11.25"]
[SourceVersion "1"]
[SourceVersionDate "2007.11.25"]
[SourceQuality "1"]
[WhiteTeam "Grieseebach"]
[BlackTeam "Amberg Siemens"]
[WhiteTeamCountry "GER"]
[BlackTeamCountry "GER"]

1. d4 Nf6 2. c4 g6 3. Nc3 Bg7 4. e4 0-0 5. Nf3 d6 6. Be2 Qe8 7. Nd5 Nxd5 8. cxd5 c6 9. dxc6 Nxc6 10. Be3 e5 11. d5 Ne7 12. Nd2 f5 13. f3 fxe4 14. fxe4 b5 15. Nf3 h6 16. 0-0 g5 17. Qb3 Ng6 18. Bxb5 Bd7 19. Bxd7 Qxd7 20. g3 Qg4 21. Nd2 Rfb8 22. Qa3 Nf4 23. Kh1 Ne2 24. Rf3 Qh3 25. Bf2 Rf8 26. Qd3 Nd4 27. Bxd4 exd4 28. Raf1 Rxf3 29. Rxf3 Qd7 30. Kg2 Qa4 31. a3 Rc8 32. Kf2 Rc2 33. b3 Rxd2+ 34. Qxd2 Qxa3 35. Qc2 a5 36. Kg2 Qb4 37. Rf1 Qb5 38. Qc8+ Kh7 39. Qf5+ Kh8 40. Rc1 Qe2+ 41. Kh1 1-0

[Event "Regionalliga NO 0607"]
[Site "Bayern"]
[Date "2007.02.25"]
[Round "6.8"]
[White "Kirch, Daniel"]
[Black "Hevecke, Bernhard"]
[Result "1-0"]
[WhiteElo "1949"]
[BlackElo "1740"]
[PlyCount "39"]
[EventDate "2006.10.15"]
[EventType "team-tourn"]
[EventRounds "9"]
[EventCountry "GER"]
[SourceTitle "EXT 2008"]
[Source "ChessBase"]
[SourceDate "2007.11.25"]
[SourceVersion "1"]
[SourceVersionDate "2007.11.25"]
[SourceQuality "1"]
[WhiteTeam "Grieseebach"]
[BlackTeam "Hirschau"]
[WhiteTeamCountry "GER"]
[BlackTeamCountry "GER"]

1. d4 g6 2. c4 Bg7 3. Nc3 d6 4. Nf3 Nd7 5. e4 e5 6. Be2 Ne7 7. Bg5 0-0 8. 0-0 h6 9. Bh4 g5 10. Bg3 f5 11. exf5 Nxf5 12. dxe5 Nxg3 13. fxg3 Nxe5 14. Qd5+ Kh8 15. Nxe5 Bxe5 16. Rxf8+ Qxf8 17. Rf1 Qe8 18. Bh5 Qe6 19. Rf8+ Kg7 20. Qxe6 1-0

[Event "Nuremberg LGA Cup 3rd"]
[Site "Nuremberg"]
[Date "2006.09.09"]
[Round "5.64"]
[White "Justi, Fabian"]
[Black "Kirch, Daniel"]
[Result "1-0"]
[WhiteElo "1549"]
[BlackElo "1965"]
[PlyCount "67"]
[EventDate "2006.09.07"]
[EventType "swiss"]
[EventRounds "7"]
[EventCountry "GER"]
[SourceTitle "EXT 2022"]
[Source "ChessBase"]
[SourceDate "2021.10.06"]
[SourceVersion "1"]
[SourceVersionDate "2021.10.06"]
[SourceQuality "1"]

1. e4 c5 2. Be2 d6 3. f4 Nf6 4. d3 Nc6 5. Be3 g6 6. Bf3 Bg7 7. Nc3 Nd4 8. Nge2 Nxf3+ 9. gxf3 Nh5 10. Qd2 f5 11. Ng3 Nxg3 12. hxg3 Be6 13. 0-0-0 Bd4 14. Rh6 Qa5 15. a3 Bg7 16. Rh4 b5 17. Nb1 b4 18. d4 Rb8 19. d5 Bd7 20. Rdh1 Qb5 21. axb4 Qa6 22. c3 Bb5 23. bxc5 Bd3 24. Rxh7 Rxh7 25. Rxh7 Kf8 26. c6 Rb3 27. Rxg7 Kxg7 28. Bd4+ e5 29. dxe6+ Kf8 30. Qh2 Qxc6 31. Qh8+ Ke7 32. Qf6+ Ke8 33. Qf7+ Kd8 34. e7+ 1-0